000 01448nam a2200217Ia 4500
003 Ost
005 20260507075654.0
008 260507s9999||||xx |||||||||||||| ||und||
040 _cfsecg
041 _aara
100 _aخالد، هشام
_eمؤلف
245 0 _aجدوى اللجوء الى التحكيم التجاري الدولي /
_c هشام خالد
260 _aالاسكندرية:
_bمنشأة المعاف,
_c2005
300 _a صفحة؛
_bإيضاحات ؛
_c24 سم
490 _aالمكتبة القانونية
504 _aمراجع ص.625
520 _aمزايا التحكيم التجاري الدولي، رغبة الخصوم في تحسين سير العدالة، رغبة الخصوم في الحصول على عدالة مختلفة عن تلك التي تعطيها المحاكم، رغبة الخصوم في أن يكون التحكيم ذا طبيعة توفيقية، رغبة الخصوم في حسم منازعات تخرج عن ولاية المحاكم، أمراض التحكيم التجاري الدولي، أمراض التحكيم التجاري الدولي وسوء ممثلي الدول النامية ومستشاريها أمام محاكم التحكيم الدولية، أمراض التحكيم التجاري الدولي ومسلك بعض الجهات في بعض الدول (مصر).
653 _aالتجارة
653 _aالتحكيم الدولي
942 _cكتاب
999 _c45659
_d45659